Kapitoly zo sociálnej psychológie učebný text pre pedagógov, vychovávateľov a majstrov odbornej výchovy

Bibliographic Details
Main Author: Oravcová, Jitka (Author)
Format: Book
Language:Slovak
PhysicalDescription:130 s. sch. 29 cm
Published: Žilina Edis - vydavateľstvo Žilinskej univerzity 2005
ISBN:8080704597
Edition:[1. vyd.]
Subjects:

MARC

LEADER 00000nam a2200000 a 4500
001 vtls009154250
003 SK-MaSNL
005 20260301224850.0
008 240318s2005 xo l f 000 0 slo
015 |a SNBA2008/01-00164 
020 |a 8080704597  |q (brož.) 
035 |a BCB40021-1AF5-42CE-819A-E742C7EA9EE9 
035 |a urn:nbn:sk:snk-amksvg 
035 |a urn:nbn:sk:snk-am00573d 
040 |a SNK  |b slo  |c SNK  |e AACR2 
041 0 |a slo 
044 |a xo  |c SK 
072 7 |a 316  |x Sociológia  |2 konspekt 
080 |a 316.6  |2 2001 
080 |a (07)  |2 2001 
100 1 |a Oravcová, Jitka  |4 aut  |9 10412 
245 1 0 |a Kapitoly zo sociálnej psychológie  |b učebný text pre pedagógov, vychovávateľov a majstrov odbornej výchovy  |c Jitka Oravcová 
250 |a [1. vyd.] 
260 |a Žilina  |b Edis - vydavateľstvo Žilinskej univerzity  |c 2005 
300 |a 130 s.  |b sch.  |c 29 cm 
366 |e 400 výt. 
500 |a Vyd. pre Inštitút priemyselnej výchovy Žilina 
504 |a Bibliogr. s. 128-130 
650 0 7 |a sociálna psychológia  |2 SNKPH  |9 1007 
655 7 |a učebné texty  |2 SNKPH  |9 70568 
919 |a 80-8070-459-7 
958 |a OND 
958 |a NB 
968 |d 30/31 
999 |c 948841  |d 950771 
952 |a SNK  |b SNK  |y PREZ  |7 0  |p 17A0566207  |o snkSB 75157  |i snk2007/23325  |8 0  |0 0  |1 0  |4 0  |d 2007-10-29  |f 1  |l 0  |r 2025-04-25 00:00:00  |w 2026-02-24 
952 |a SNK  |b SNK  |y VYP  |7 0  |p 17A0566208  |o snkSB 75157 D1  |i snk2007/23326  |8 0  |0 0  |1 0  |4 0  |d 2007-10-29  |l 0  |r 2016-06-30 00:00:00  |w 2026-02-24